000 006870000a22002050004500
999 _c53999
_d53999
001 768714001
003 CO-MdFUSB
005 20170810123844.0
008 170810s1999 xxu||||| |||| 00| 0 eng d
022 _a0098-9444
040 _aCO-MdFUSB
_bspa
_cCO-MdFUSB
_dCO-MdFUSB
041 _aeng
100 1 _aReich, Ronny
_eautor
245 1 0 _aLight at the end of the tunnel :
_bWarren's shaft theory of David's conquest shattered
300 _aVolumen 25. Número 1 (1999), Páginas 22-33
_c28 cm.
546 _aTexto en inglés
700 1 _aShukron, Eli
773 0 _tBiblical Archaeology Review
_049395
_959481
_gVolumen 25. Número 1 (1999), Páginas 22-33
_qPágina 22
942 _cANA